01451nam a2200277 a 4500001001000000005001700010008004100027041000800068044000700076084002000083100004500103245008700148260003600235300002200271500025500293500013800548500015500686500001000841546002500851650005200876650005600928650003400984650004501018700006001063740005001123BRCA_308520190320204114.0270109s1832----fr-a---###---#000-0dfre-u afre afr a392b.L43c18321 aCervantes Saavedra, Miguel ded1547-161610aHistoire de L´Admirable Don Quichotte de la ManchecMiguel de Cervantes Saavedra. aParísbLebigre Fréresc1832 a5 v.bil.c22 cm. aContenido : v 1. Primera parte. Vida de Cervantes. Prólogo del autor. Texto. -- v 2. Texto. Segunda parte. Texto. -- v 3. Texto. -- v 4. Texto. Primera pate de la continuación del traductor. -- v 5. Segunda pare de la continuación del traductor aEdición : Traduite de l´Espagnol de Michel de Cervantes par Filleau de Saint-Martin. Précedée de la vie de Michel de Cervantes aReimpresión de la edición anterior, de Marlin, 1830, con las mismas láminas de Charlet. Semipiel; lomeras adornadas con doradas Lúdovik Osterc aQM321 aTexto en : francés14aNovela españolayÉpoca clásica, 1500-170014aLiteratura españolayÉpoca clásica, 1500-170014aNovela españolaySiglo XVII14aDon Quijote (Personaje ficticio)eNovela1 aSaint-Martin, Francois Filleau ded1632-1695eTraductor0 aEl Ingenioso Hidalgo Don Quijote de la Mancha